MDQL
is popping MORE tags! Check the
thread
!
Quizzes
Events
Quiz Creation
Community
Videos
Private Events
Remove Ads
Sign In
Join for FREE
Feedback
Dark Mode
Quiz Categories
Sports
Geography
Music
Movies
Television
Just For Fun
Miscellaneous
History
Literature
Language
Science
Gaming
Entertainment
Religion
Holiday
For Kids
Quiz Lab
Recent
Popular Today
Quiz Kudos Today
Editor Picks
Curator Picks
Quizzes by...
Day
Popularity
Type
Ratings
Length
Year
Community
Subscriptions
Recent Discussions
Orange Saloon
Badges
Playlists
Quests
Create
Leaderboards
Showdown
Live 5
Trivia Bingo
Activity
Puzzle Library
Sporcle Events
Private Events
Virtual Trivia
Globe League
Become a Host
Pub Owners
SporcleCon
Opinionation
Our Games
Videos
Blog
Mobile Apps
Partnerships
Remove Ads and Go Orange
Feedback
Language
Vocabulary
Begins and Ends
Definition
Spanish
French
German
Italian
Chinese
Latin
Translation
Japanese
Language
Vocabulary
Begins and Ends
Definition
Spanish
French
German
Italian
Chinese
Latin
Translation
Japanese
Random Quiz
Search Sporcle
×
Quiz Lab
Quiz Lab
Language
Latin
Type in answers that appear in a list
Type in answers that appear in a list
Classic
Best Score? Go Orange.
Latin Indicative: Active & Passive Endings (NOVICE) Stats
Latin Indicative: Active & Passive (NOVICE)
By
bweinstein
6m
96 Questions
3,239 Plays
3,239 Plays
3,239 Plays
Comments
Comments
Give Quiz Kudos
Give Quiz Kudos
-
- Ratings
hide this ad
More Info
Forced Order
Answers have to be entered in order
Answers have to be entered in order
Replay
Link that replays current quiz
Next Quiz
Link to next quiz in quiz playlist
You Got
0%
They Got
Avg Score
77%
Avg Friend Score
Upgrade to see
Score Distribution
Jump to the score distribution portion of the page
Score
0/96
Timer
06:00
0
Plays Today
Hint
Answer
% Correct
PRESENT ACTIVE
o (-m)
100%
IMPERFECT ACTIVE
bam
99.8%
FUTURE ACTIVE (Conj. 1&2)
bo
99.8%
PERFECT ACTIVE
i
99.7%
FUTURE ACTIVE (Conj. 3&4)
(i)am
99.7%
PLUPERFECT ACTIVE
eram
99.6%
FUT.PERFECT ACTIVE
ero
99.5%
PRESENT PASSIVE
or
99.5%
IMPERFECT PASSIVE
bar
99.4%
FUTURE PASSIVE (Conj. 1&2)
bor
99.4%
FUTURE PASSIVE (Conj. 3&4)
(i)ar
99.4%
PERFECT PASSIVE
ppl + sum
99.2%
PLUPERFECT PASSIVE
ppl + eram
99.2%
FUT.PERFECT PASSIVE
ppl + ero
99.2%
SAMPLE TRANSLATIONS
PRES - carries
99.1%
SAMPLE TRANSLATIONS
IMPF - was carrying
99.1%
SAMPLE TRANSLATIONS
FUT - will carry
99.1%
SAMPLE TRANSLATIONS
PERF - HAS carried
99.1%
SAMPLE TRANSLATIONS
PLUP - HAD carried
99.1%
SAMPLE TRANSLATIONS
FUTP - WILL HAVE carried
99.1%
SAMPLE TRANSLATIONS
PRES - is BEING carried
98.3%
SAMPLE TRANSLATIONS
IMPF - was BEING carried
98.3%
SAMPLE TRANSLATIONS
FUT - will BE carried
98.3%
SAMPLE TRANSLATIONS
PERF - has BEEN carried
98.3%
SAMPLE TRANSLATIONS
PLUP - had BEEN carried
98.3%
SAMPLE TRANSLATIONS
FUTP - will have BEEN carried
98.3%
PRESENT ACTIVE
s
84.8%
PRESENT ACTIVE
t
84.6%
PRESENT ACTIVE
mus
84%
PRESENT ACTIVE
nt
83.8%
IMPERFECT ACTIVE
bas
83.8%
IMPERFECT ACTIVE
bat
83.7%
Hint
Answer
% Correct
PRESENT ACTIVE
tis
83.6%
IMPERFECT ACTIVE
bamus
83.4%
IMPERFECT ACTIVE
bant
83.3%
IMPERFECT ACTIVE
batis
83.2%
FUTURE ACTIVE (Conj. 1&2)
bit
81.1%
FUTURE ACTIVE (Conj. 1&2)
bis
81.1%
FUTURE ACTIVE (Conj. 1&2)
bimus
80.9%
FUTURE ACTIVE (Conj. 1&2)
bitis
80.6%
FUTURE ACTIVE (Conj. 1&2)
bunt
80.2%
PLUPERFECT ACTIVE
eras
76%
PLUPERFECT ACTIVE
erat
76%
PLUPERFECT ACTIVE
eramus
75.7%
PLUPERFECT ACTIVE
eratis
75.7%
PLUPERFECT ACTIVE
erant
75.5%
FUT.PERFECT ACTIVE
eris
73.5%
FUT.PERFECT ACTIVE
erit
73.5%
FUT.PERFECT ACTIVE
erimus
73.3%
FUT.PERFECT ACTIVE
eritis
73.2%
PERFECT ACTIVE
isti
73.1%
PERFECT ACTIVE
imus
72.3%
PRESENT PASSIVE
tur
72.3%
PERFECT ACTIVE
it
72.3%
PRESENT PASSIVE
ris
72.1%
PERFECT ACTIVE
istis
71.6%
PRESENT PASSIVE
mini
71.5%
FUT.PERFECT ACTIVE
erint
71.4%
PRESENT PASSIVE
mur
71.4%
PRESENT PASSIVE
ntur
71.3%
IMPERFECT PASSIVE
baris
71.1%
FUTURE ACTIVE (Conj. 3&4)
(i)es
70.4%
IMPERFECT PASSIVE
batur
70.2%
IMPERFECT PASSIVE
bantur
70.2%
Hint
Answer
% Correct
FUTURE ACTIVE (Conj. 3&4)
(i)et
69.8%
IMPERFECT PASSIVE
bamini
69.8%
IMPERFECT PASSIVE
bamur
69.6%
PERFECT ACTIVE
erunt
69.3%
FUTURE ACTIVE (Conj. 3&4)
(i)emus
69.3%
FUTURE ACTIVE (Conj. 3&4)
(i)etis
69.1%
FUTURE ACTIVE (Conj. 3&4)
(i)ent
68.6%
FUTURE PASSIVE (Conj. 1&2)
beris
63.3%
FUTURE PASSIVE (Conj. 1&2)
bitur
62.6%
FUTURE PASSIVE (Conj. 1&2)
bimur
62.1%
FUTURE PASSIVE (Conj. 1&2)
bimini
62%
PERFECT PASSIVE
ppl + es
60.3%
FUTURE PASSIVE (Conj. 1&2)
buntur
59.6%
PERFECT PASSIVE
ppl + est
59.5%
PERFECT PASSIVE
ppl + sumus
58.6%
PLUPERFECT PASSIVE
ppl + eras
58.4%
PLUPERFECT PASSIVE
ppl + erat
58.3%
PERFECT PASSIVE
ppl + estis
58.1%
PLUPERFECT PASSIVE
ppl + eramus
57.9%
PERFECT PASSIVE
ppl + sunt
57.8%
PLUPERFECT PASSIVE
ppl + eratis
57.7%
PLUPERFECT PASSIVE
ppl + erant
57.6%
FUT.PERFECT PASSIVE
ppl + eris
56.6%
FUT.PERFECT PASSIVE
ppl + erit
56.5%
FUT.PERFECT PASSIVE
ppl + erimus
56.3%
FUT.PERFECT PASSIVE
ppl + eritis
56%
FUT.PERFECT PASSIVE
ppl + erunt
54.5%
FUTURE PASSIVE (Conj. 3&4)
(i)eris
54%
FUTURE PASSIVE (Conj. 3&4)
(i)etur
52.6%
FUTURE PASSIVE (Conj. 3&4)
(i)emur
52.2%
FUTURE PASSIVE (Conj. 3&4)
(i)emini
51.9%
FUTURE PASSIVE (Conj. 3&4)
(i)entur
51.8%
Quiz Playlist
Details
Report
Send in Message
Add To Playlist
More Info:
the number in parentheses with the tense and voice is for the principal part of the verb that one uses to create the verb form
Classic:
Type in answers that appear in a list
Forced Order:
Answers have to be entered in order
Last Updated: Feb 16, 2017
Quiz Scoreboard
CHALLENGE
Sign Up to Join the Scoreboard
Show All
Scores
Hide
Comments
May contain spoilers
Recently Published
Find the 'City' Movie
by crazypaving
Movies
60s
5x2 Blitz: Bands
by SL_Kpop136
Music
30s
Colored Red Africa Blitz
by spor1
Geography
30s
More to Explore
Quiz From the Vault
Featured Blog Post
14 Easter Pick-up Lines to Find Eggs With
hide this ad
You Might Also Like...
Tags
Latin Quiz
Active
Indicative
Today's Top Quizzes in Language
Browse Language
hide this ad
Today's Top Quizzes in Latin
Browse Latin
Top Contributed Quizzes in Language
1
1-10 Letter F Words III
2
1-10 Letter G Words III
3
1-10 Letter H Words III
4
1-10 Letter I Words III
5
Greek Alphabet Match
6
Arabic Numerals
7
Ends in ELL Minefield
8
1-10 Letter J Words III
9
1-10 Letter L Words III
10
1-10 Letter M Words III
Explore More
Trending Topics
Harry Potter
Anime
Kpop
Disney
NBA
Crossword
Marvel
Song
Pokémon
Puzzle
Country
WWE
Soccer
NFL
The Office
hide this ad
More By:
bweinstein
Quiz
Plays
Rating
Category
Featured
Created
Latin: Noun Declensions 1-3
18,328
4.86
Language
Feb 28, 2013
Latin: Noun Declensions 1-5
10,297
4.25
Language
Jan 25, 2012
Latin: Indicative Active Verb Endings
7,290
4.50
Language
Feb 25, 2013
Latin: Unit 07 Relative Pronoun (qui, quae, quod)
6,380
4.76
Language
Jan 30, 2012
Latin: Unit 06 Demonstrative Pronouns
6,337
4.33
Language
Jan 31, 2012
Go to Creator's Profile
Score Distribution
Quiz Creator Spotlight
bweinstein
Follow
Send a Message
Quizzes Created
-
Created Quiz Play Count
-
More By This Creator
Popular Quizzes Today
1
Find the 'City' Movie
2
5x2 Blitz: Bands
3
Colored Red Africa Blitz
4
Find the US States - No Outlines Minefield
5
The Countries of the World
6
Find the US States
7
9x9 Crossword: Cartoon Network
8
US States
More Language Quizzes
Chop 'PER'
Editor's Pick
Trending Quizzes
Colored Red Africa Blitz II
Colored Red Europe Blitz I
Colored Red Africa Blitz III
Colored Red Europe Blitz II
Colored Red Europe Blitz III
Recently Updated
Champions League XIs: Real Madrid
pecheneg
Largest US Cities 1790-2010
pecheneg
Rides in Walt Disney World
pecheneg
Most Oscar Losses (Acting)
pecheneg
Beyoncé Albums
pecheneg
Leaping Animals
pecheneg
Reality TV Shows (A-Z)
bhenderson79
Rickey Henderson's Hall of Fame Teammates
pecheneg
Champions League XIs: Arsenal
pecheneg
Quick Pick: Celebrities in WWE's Hall of Fame
aduchscher
Trending Topics
NBA
Anime
Crossword
Marvel
Harry Potter
Disney
Kpop
Puzzle
WWE
The Office
Song
Soccer
Pokémon
Country
NFL
Your Account Isn't Verified!
In order to create a playlist on Sporcle, you need to verify the email address you used during registration. Go to your
Sporcle Settings
to finish the process.
Report this User
Report this user for behavior that violates our
Community Guidelines
.
Details:
Send Report
Go to the Sporcle.com Mobile Site →
Comments